[Event "Bekasi Scua op 1st"]
[Site "Bekasi"]
[Date "2022.01.14"]
[Round "4"]
[White "Sidabutar, Uriel Noah Oloan"]
[Black "Godam, Eko Hudi Saputra"]
[Result "0-1"]
[WhiteElo "1681"]
[BlackElo "2036"]
[PlyCount "62"]
[EventDate "2022.01.12"]
[EventType "swiss"]
[EventRounds "9"]
[EventCountry "INA"]
[SourceTitle "CBM 206 Extra"]
[Source "ChessBase"]
[SourceDate "2022.03.31"]
[SourceVersion "1"]
[SourceVersionDate "2022.03.31"]
[SourceQuality "1"]

1. e4 d6 2. d4 Nf6 3. Nc3 g6 4. f3 Bg7 5. Be3 c6 6. Qd2 b5 7. 0-0-0 Nbd7 8. Kb1 Nb6 9. Bh6 Bxh6 10. Qxh6 Nc4 11. Bxc4 bxc4 12. e5 Nd5 13. Ne4 dxe5 14. dxe5 Qb6 15. Ne2 Rb8 16. b3 Ba6 17. Rhe1 cxb3 18. cxb3 Qe3 19. Qg7 Rf8 20. Nc1 Qf4 21. Nd3 Bxd3+ 22. Rxd3 Qxh2 23. Ng5 Qh4 24. Nxh7 Qxe1+ 25. Kb2 Qe2+ 26. Ka3 Rb6 27. Qxf8+ Kd7 28. Rd4 Ra6+ 29. Ra4 Rxa4+ 30. bxa4 Qd3+ 31. Kb2 Qd2+ 0-1

[Event "Bekasi Scua op 1st"]
[Site "Bekasi"]
[Date "2022.01.13"]
[Round "3"]
[White "Godam, Eko Hudi Saputra"]
[Black "Tan, Steven"]
[Result "1/2-1/2"]
[WhiteElo "2036"]
[BlackElo "1643"]
[PlyCount "90"]
[EventDate "2022.01.12"]
[EventType "swiss"]
[EventRounds "9"]
[EventCountry "INA"]
[SourceTitle "CBM 206 Extra"]
[Source "ChessBase"]
[SourceDate "2022.03.31"]
[SourceVersion "1"]
[SourceVersionDate "2022.03.31"]
[SourceQuality "1"]

1. e4 e5 2. Nf3 Nc6 3. Bc4 Bc5 4. 0-0 Nf6 5. d3 d6 6. c3 Bg4 7. Re1 h6 8. Nbd2 0-0 9. h3 Bh5 10. Nf1 Nd7 11. Ng3 Bg6 12. b4 Bb6 13. a4 a5 14. b5 Ne7 15. d4 Kh8 16. Nh4 Bh7 17. Be3 c5 18. dxe5 Nxe5 19. Ba2 Qc7 20. f4 Nd7 21. c4 Rfe8 22. Qf3 Nf6 23. Rad1 Rad8 24. Bb1 Ba7 25. Bd2 Ng6 26. Nhf5 Ne7 27. Ne3 Nd7 28. Bc3 f6 29. Qg4 Rg8 30. Ngf5 Nxf5 31. Nxf5 Bxf5 32. Qxf5 Nf8 33. Rd5 b6 34. Red1 Bb8 35. e5 fxe5 36. fxe5 Qd7 37. exd6 Qxf5 38. Rxf5 Rxd6 39. Rxd6 Bxd6 40. Rf7 Ne6 41. Rb7 Rb8 42. Rd7 Bf4 43. Bf5 Nd4 44. Bd3 Rf8 45. Kh1 Be5 1/2-1/2